[Event "AUTO-OPEN-1008"]
[Site "http://www.queenalice.com/game.php?id=351285"]
[Date "2008.2.9"]
[Round "1"]
[White "jpcamilo"]
[Black "cruxial"]
[Result "1-0"]
[WhiteElo "1333"]
[BlackElo "1654"]

1. d4 c5 2. d5 d6 3. g3 g6 4. Bg2 Bg7 5. Nf3 Nf6 6. O-O O-O 7. Nc3 b6 8. Nb5 Bb7
9. Bg5 Nxd5 10. c4 Nc7 11. Nxc7 Qxc7 12. Rb1 e5 13. Nh4 Bxg2 14. Nxg2 Nd7 15.
Qd5 Nf6 16. Qf3 Nh5 17. Qg4 Nf6 18. Qh4 Nd7 19. Be7 Rfe8 20. f4 exf4 21. Nxf4
Ne5 22. Nd5 Qb7 23. Bxd6 Nxc4 24. Qxc4 Rad8 25. Nf6+ Bxf6 26. Rxf6 Qc6 27. Qxf7+
1-0

[Event "AUTO-OPEN-1008"]
[Site "http://www.queenalice.com/game.php?id=351286"]
[Date "2008.2.9"]
[Round "1"]
[White "cruxial"]
[Black "jpcamilo"]
[Result "1-0"]
[WhiteElo "1610"]
[BlackElo "1338"]

1. Nf3 d5 2. d4 g6 3. Nc3 Nf6 4. Bg5 Bg7 5. Qd2 O-O 6. e3 Nh5 7. O-O-O c6 8. h3
f6 9. Bf4 Nxf4 10. exf4 f5 11. Ne5 Nd7 12. Nxd7 Qxd7 13. Kb1 b5 14. g4 fxg4 15.
hxg4 Qxg4 16. Bh3 Qh4 17. Be6+ Bxe6 18. Rxh4 Bf5 19. Rdh1 Kf7 20. Rxh7 a5 21.
Ne2 Rh8 22. Rxh8 Bxh8 23. Ng3 Bg4 24. b3 b4 25. Qe3 e6 26. c3 Bf5+ 27. Nxf5 gxf5
28. Rh7+ Kf6 29. Qe5+ Kg6 30. Rxh8 Rxh8 31. Qxh8 Kf7 32. cxb4 axb4 33. Qc8 Kg7
34. Qxe6 Kf8 35. Qxc6 Kg7 36. Qxd5 Kg6 37. Qe5 Kh6 38. Qxf5 Kg7 39. d5 Kh6 40.
d6 Kg7 41. d7 Kh6 42. d8=Q Kg7 43. Qdg5+ Kh8 44. Qh3# 1-0

[Event "AUTO-OPEN-1008"]
[Site "http://www.queenalice.com/game.php?id=351307"]
[Date "2008.2.9"]
[Round "1"]
[White "cruxial"]
[Black "Renatogr90"]
[Result "1/2-1/2"]
[WhiteElo "1618"]
[BlackElo "1594"]

1. Nf3 e6 2. e3 Nc6 3. d4 Bb4+ 4. c3 Ba5 5. Bd3 d6 6. O-O e5 7. b4 Bb6 8. dxe5
dxe5 9. Bb5 Qxd1 10. Rxd1 Be6 11. Bxc6+ bxc6 12. Nxe5 f6 13. Nxc6 Ne7 14. Nxe7
Kxe7 15. Bb2 Rhd8 16. Na3 Rxd1+ 17. Rxd1 Bxa2 18. c4 Bb3 19. Rd3 Ba4 20. b5 a6
21. g3 axb5 22. Nxb5 Bxb5 23. cxb5 g5 24. Ra3 Rxa3 25. Bxa3+ Ke6 26. Kf1 h5 27.
Ke2 Kf5 28. f3 g4 29. f4 Ke4 30. Bc1 f5 31. Bd2 Kd5 1/2-1/2

[Event "AUTO-OPEN-1008"]
[Site "http://www.queenalice.com/game.php?id=351308"]
[Date "2008.2.9"]
[Round "1"]
[White "Renatogr90"]
[Black "cruxial"]
[Result "0-1"]
[WhiteElo "1584"]
[BlackElo "1615"]

1. e4 c5 2. Bc4 g6 3. Qf3 e6 4. Nh3 Bg7 5. d3 Ne7 6. Be3 b6 7. Ng5 O-O 8. e5
Nbc6 9. O-O a5 10. Nc3 Bxe5 11. Qh3 h5 12. f4 Bg7 13. Nce4 Nf5 14. Rae1 d5 15.
Bb5 Bb7 16. Bxc6 Bxc6 17. Nf2 d4 18. Bd2 Qd5 19. c4 dxc3 20. bxc3 Qxa2 21. Be3
Bxc3 22. Rc1 Bf6 23. g3 Nxe3 24. Rfe1 Qd2 25. Nge4 Bxe4 26. Nxe4 Qxd3 27. Nxf6+
Kg7 28. Nd7 Qxd7 29. Rxe3 a4 30. Kf2 Qd2+ 31. Kf3 Qxc1 32. g4 hxg4+ 33. Qxg4 a3
34. Qg3 a2 35. Re1 Ra3+ 36. Kg2 Rxg3+ 37. hxg3 Qxe1 38. g4 a1=Q 39. f5 Qb2+ 40.
Kf3 Qbf2# 0-1

[Event "AUTO-OPEN-1008"]
[Site "http://www.queenalice.com/game.php?id=351309"]
[Date "2008.2.9"]
[Round "1"]
[White "cruxial"]
[Black "FPM"]
[Result "0-1"]
[WhiteElo "1617"]
[BlackElo "1837"]

1. c4 d6 2. e3 e5 3. Nc3 Nf6 4. Nge2 Bg4 5. g3 Nc6 6. Bg2 g6 7. O-O Bg7 8. Qa4
Bd7 9. Qb3 Rb8 10. a3 O-O 11. d4 exd4 12. Nxd4 Nxd4 13. exd4 Qc8 14. Bg5 Bh3 15.
Rae1 Bxg2 16. Kxg2 Nd7 17. d5 Nc5 18. Qc2 Qg4 19. Be3 b6 20. b3 a6 21. b4 Nd7
22. Qe4 Qh5 23. Ne2 Rbe8 24. Qf3 Qxf3+ 25. Kxf3 Ne5+ 26. Kg2 Nxc4 27. Bc1 b5 28.
Nf4 Re5 29. Rxe5 Bxe5 30. Nd3 Bd4 31. Re1 Rc8 32. f4 f5 33. Kf3 Kf7 34. h3 Re8
35. Rxe8 Kxe8 36. g4 fxg4+ 37. Kxg4 h6 38. h4 Ne3+ 39. Bxe3 Bxe3 40. h5 g5 41.
fxg5 Bxg5 42. Kf5 Ke7 43. Nf4 Bxf4 44. Kxf4 Kf6 45. Kg4 Ke5 46. Kf3 Kxd5 0-1

[Event "AUTO-OPEN-1008"]
[Site "http://www.queenalice.com/game.php?id=351310"]
[Date "2008.2.9"]
[Round "1"]
[White "FPM"]
[Black "cruxial"]
[Result "1-0"]
[WhiteElo "1909"]
[BlackElo "1706"]

1. e4 c5 2. c3 g6 3. d4 cxd4 4. Qxd4 Nf6 5. e5 Nc6 6. Qf4 Nh5 7. Qe3 Qa5 8. Nf3
Ng7 9. Bd3 e6 10. O-O Bc5 11. Qh6 Nf5 12. Bxf5 exf5 13. Qg7 Rf8 14. b4 Nxb4 15.
cxb4 Qxb4 16. Ng5 Qd4 17. Be3 Qxa1 18. Bxc5 1-0

[Event "ERYCA"]
[Site "http://www.queenalice.com/game.php?id=355249"]
[Date "2008.2.16"]
[Round "2"]
[White "LAIRA"]
[Black "cruxial"]
[Result "1-0"]
[WhiteElo "1893"]
[BlackElo "1698"]

1. c4 e5 2. Nc3 Nf6 3. Nf3 Bb4 4. e3 e4 5. Nd4 O-O 6. Be2 Bxc3 7. bxc3 c5 8. Nb3
d6 9. O-O Bf5 10. d3 exd3 11. Bxd3 Bxd3 12. Qxd3 Nc6 13. f4 Qb6 14. Qxd6 Ne4 15.
Qd3 1-0

[Event "Challenge"]
[Site "http://www.queenalice.com/game.php?id=366766"]
[Date "2008.3.6"]
[Round "-"]
[White "GUAIRENSE"]
[Black "cruxial"]
[Result "1-0"]
[WhiteElo "1922"]
[BlackElo "1698"]

1. Nf3 g6 2. c4 Bg7 3. d4 Nf6 4. Nc3 d5 5. Bg5 dxc4 6. e4 c6 7. Bxc4 O-O 8. O-O
h6 9. Be3 b5 10. Bb3 a5 11. a3 Ng4 12. Bf4 g5 13. Bg3 Ba6 14. Re1 b4 15. Na4 Nd7
16. e5 c5 17. dxc5 Bb5 18. Qc2 Qc8 19. axb4 axb4 20. e6 Bxa4 21. Rxa4 Rxa4 22.
exd7 Qa6 23. Bxa4 Bxb2 24. Rd1 Rd8 25. c6 1-0

[Event "Paulinho Rezende"]
[Site "http://www.queenalice.com/game.php?id=379139"]
[Date "2008.3.29"]
[Round "1"]
[White "JCOELHO"]
[Black "cruxial"]
[Result "1-0"]
[WhiteElo "1685"]
[BlackElo "1651"]

1. e4 Nc6 2. Nf3 g6 3. Bb5 Bg7 4. O-O e6 5. Nc3 Nge7 6. d4 O-O 7. Bg5 f6 8. Bh4
a6 9. Ba4 b5 10. Bb3 Na5 11. d5 1-0